| 000 | 00507nam a22001817a 4500 | ||
|---|---|---|---|
| 003 | CEME | ||
| 005 | 20210628202552.0 | ||
| 008 | 210119b xxu||||| |||| 00| 0 eng d | ||
| 020 | _a0-19-869215-3 | ||
| 040 | _cceme | ||
| 082 | _a423.12 OXF | ||
| 100 |
_aUrdang, Laurence _960533 |
||
| 245 | _aThe oxford thesaurus ,an a-z dictionary of synonyms | ||
| 260 |
_aLAHORE _bPAF BOOK CLUB _c1997 |
||
| 300 | _a1042 P | ||
| 650 |
_aTHE OXFORD THESAURUS.AN A-Z DICTIONARY OF SYNONYMS _960534 |
||
| 942 |
_cBK _2ddc |
||
| 999 |
_c570238 _d570238 |
||